La nueva ley de arrendamientos rústicos (Record no. 91470)

MARC details
000 -LEADER
campo de control de longitud fija 00565nam a2200157 i 4500
001 - NÚMERO DE CONTROL
campo de control 91470
003 - IDENTIFICADOR DE NÚMERO DE CONTROL
campo de control ES-MaACL
005 - FECHA Y HORA DE LA ÚLTIMA TRANSACCIÓN
campo de control 20230906180729.0
007 - CAMPO FIJO DE DESCRIPCIÓN FÍSICA--INFORMACIÓN GENERAL
campo de control de longitud fija t|
008 - DATOS DE LONGITUD FIJA--INFORMACIÓN GENERAL
campo de control de longitud fija 050131q19501959sp ||||1| spa d
245 03 - MENCIÓN DEL TÍTULO
Título La nueva ley de arrendamientos rústicos
Resto del título : explicada, comentada y concordada con las demás disposiciones sobre la materia /
Mención de responsabilidad, etc. Eugenio Fernández Asiain.
260 ## - PUBLICACIÓN, DISTRIBUCIÓN, ETC.
Lugar de publicación, distribución, etc. [S.l. :
Nombre del editor, distribuidor, etc. s.n.,
Fecha de publicación, distribución, etc. 195-?] (
Fabricante Imp. El Pensamiento Navarro)
300 ## - DESCRIPCIÓN FÍSICA
Extensión 36 p. ;
Dimensiones 17 cm.
700 1# - ENTRADA AGREGADA--NOMBRE PERSONAL
Nombre de persona Fernández Asiain, Eugenio.
9 (RLIN) 49487
852 ## - LOCALIZACIÓN
Ubicación ES-MaACL
Número de control de estantería 1968-F-6
Sublocalización o colección R.36632
Holdings
Estatus retirado Estado de pérdida Estado de daño No para préstamo Colección Biblioteca de origen Biblioteca actual Ubicación en estantería Fecha de adquisición Fuente de adquisición Total de préstamos Signatura topográfica completa Código de barras Visto por última vez Precio de reemplazo Tipo de ítem Koha
        Colección de folletos Biblioteca del Ateneo de Madrid Biblioteca del Ateneo de Madrid Depósito folletos 17/01/2008     1968-F-6 1095495 23/02/2023 23/02/2023 Folleto